Statistics for Countries of Oceania - One Minute Sprint

Click here to take the quiz!

General Stats

  • This quiz has been taken 15 times
    (4 since last reset)
  • The average score is 13 of 15

Answer Stats

Answer% Correct
Australia
100%
New Zealand
100%
Fiji
100%
Samoa
100%
Vanuatu
100%
Solomon Islands
100%
Federated States Of Micronesia
100%
Nauru
100%
Palau
75%
Tonga
75%
Kiribati
75%
Tuvalu
75%
Marshall Islands
75%
Papua New Guinea
50%
The Principality Of Hutt River
25%

Score Distribution

Percentile by Number Answered

Percent of People with Each Score

Your Score History

You have not taken this quiz since the last reset